000 00692nam a2200265Ia 4500
003 OSt
005 20220918163328.0
006 a|||||r|||| 00| 0
007 ta
008 220917b |||||||| |||| 00| 0 eng d
020 _a0 571 10417 7
024 _a23,883
037 _cTextual
040 _aARTS
_cARTS
_beng
041 _2eng
_aeng
082 _aO111:gM, L3
100 _aDonoghue Denis
_912698
245 0 _aOThieves of fire
260 _aLondon
_bFaber And Faber UK
_c1973
300 _a139p.
_ccm.
490 _aT S Eliot memorial lectures
650 _aENGLISH LITERATURE
942 _hO111:gM, L3
_cTEXL
_2CC
999 _c119122
_d119122